[Event "FIDE Online Olympiad"]
[Site "Chess.com"]
[Date "2020.08.22"]
[EventDate "2020.08.21"]
[Round "4"]
[Result "0-1"]
[White "Sheila Barth Stanford"]
[Black "Bibisara Assaubayeva"]
[WhiteElo "2133"]
[BlackElo "2321"]
[Source "Chess-Results"]
[PlyCount "100"]

1. d4 Nf6 2. Nf3 g6 3. Bf4 Bg7 4. e3 d6 5. Be2 O-O 6. h3 b6
7. O-O Bb7 8. a4 a6 9. a5 b5 10. c4 bxc4 11. Bxc4 Nbd7 12. Nc3
c5 13. Re1 Qc8 14. d5 Ne8 15. e4 Ne5 16. Nd2 Nc7 17. Na4 Rb8
18. Nb6 Qd8 19. Qe2 Nxc4 20. Ndxc4 Nb5 21. Qd2 Nd4 22. Ra3 f6
23. h4 Bc8 24. Be3 f5 25. Bg5 Rb7 26. h5 fxe4 27. hxg6 Bf5
28. gxh7+ Kh8 29. Rg3 Qe8 30. Bh6 Bxh6 31. Qxh6 Qf7 32. Rg8+
Rxg8 33. hxg8=Q+ Kxg8 34. Re3 Bg6 35. Rh3 Qg7 36. Qh4 Rb8
37. Kh2 Rf8 38. Rg3 Nf5 39. Qg4 Nxg3 40. fxg3 Bf5 41. Qe2 Qh6+
42. Kg1 Qc1+ 43. Kh2 Rf7 44. g4 Qf4+ 45. g3 Qxg4 46. Qe3 Rh7+
47. Kg1 Qh3 48. Nd2 Qh2+ 49. Kf1 Qh1+ 50. Ke2 Rh2+ 0-1

[Event "FIDE Online Olympiad"]
[Site "Chess.com"]
[Date "2020.08.22"]
[EventDate "2020.08.21"]
[Round "4"]
[Result "0-1"]
[White "Johannes Haug"]
[Black "Ramazan Zhalmakhanov"]
[WhiteElo "2216"]
[BlackElo "2475"]
[Source "Chess-Results"]
[PlyCount "124"]

1. d4 d5 2. c4 e6 3. Nf3 c5 4. cxd5 exd5 5. Nc3 Nc6 6. dxc5
Nf6 7. Bg5 Bxc5 8. e3 O-O 9. Be2 d4 10. exd4 Nxd4 11. Nxd4
Bxd4 12. O-O h6 13. Bh4 Be6 14. Bf3 Rc8 15. Qa4 Rc4 16. Bxf6
Qxf6 17. Qb5 Bxc3 18. bxc3 b6 19. a4 Rxc3 20. Rfe1 Rc5 21. Qb4
Rg5 22. Ra3 Ra5 23. Be2 Rd8 24. Bb5 a6 25. Bf1 Qd4 26. Qb1 Rf5
27. Qc2 Rc8 28. Qe2 Bc4 29. Qe3 Qxe3 30. Raxe3 Bxf1 31. Kxf1
Rc2 32. R3e2 Rc4 33. Re8+ Kh7 34. Rb8 Rc2 35. Re2 Rc1+ 36. Re1
Rc6 37. Rb1 Rc2 38. f3 Rd5 39. R8xb6 Rdd2 40. g4 Rf2+ 41. Kg1
Rg2+ 42. Kh1 Rxh2+ 43. Kg1 Rhg2+ 44. Kh1 Rh2+ 45. Kg1 Rcg2+
46. Kf1 Ra2 47. Kg1 Rhg2+ 48. Kh1 Rgf2 49. Rxa6 Rxf3 50. Ra7
f6 51. a5 Rh3+ 52. Kg1 Rg3+ 53. Kh1 Rxg4 54. a6 h5 55. Ra8
Rga4 56. Rb6 h4 57. Ra7 Rc4 58. Rb1 h3 59. Rf1 Rcc2 60. Rb1
Rh2+ 61. Kg1 Rag2+ 62. Kf1 Rh1# 0-1

[Event "FIDE Online Olympiad"]
[Site "Chess.com"]
[Date "2020.08.22"]
[EventDate "2020.08.21"]
[Round "4"]
[Result "0-1"]
[White "Assel Serikbay"]
[Black "Thyra Kvendseth"]
[WhiteElo "2075"]
[BlackElo "1810"]
[Source "Chess-Results"]
[PlyCount "106"]

1. d4 Nf6 2. c4 g6 3. Nf3 Bg7 4. g3 d6 5. Bg2 O-O 6. O-O Nc6
7. Nc3 a6 8. d5 Ne5 9. Nxe5 dxe5 10. e4 e6 11. a4 exd5
12. cxd5 Qd6 13. b3 Bg4 14. Qc2 Rfe8 15. h3 Bd7 16. a5 Bb5
17. Rd1 Rac8 18. Ba3 Qd7 19. Nxb5 Qxb5 20. Bf1 Qd7 21. b4 Bf8
22. Rac1 Bh6 23. Rb1 Bf8 24. Bc1 c6 25. dxc6 Qxc6 26. Qxc6
Rxc6 27. b5 Rc2 28. bxa6 bxa6 29. Bxa6 Bc5 30. Rd2 Rxd2
31. Bxd2 Nxe4 32. Be1 Nxg3 33. Rc1 Bd4 34. Rc7 Ne4 35. Bd3 Ng5
36. Kg2 Ne6 37. Rd7 Nf4+ 38. Kf3 Nxd3 39. Bd2 Nc5 40. Rc7 e4+
41. Ke2 Na6 42. Rd7 Bc5 43. Rd5 Bb4 44. Be3 Rc8 45. Rb5 Rc2+
46. Kf1 Ra2 47. Bb6 Kg7 48. Re5 f6 49. Rd5 g5 50. Rd7+ Kg6
51. Ra7 Nc5 52. Rc7 Nd3 53. Ra7 Bc5 0-1

[Event "FIDE Online Olympiad"]
[Site "Chess.com"]
[Date "2020.08.22"]
[EventDate "2020.08.21"]
[Round "4"]
[Result "0-1"]
[White "Anaelle Afraoui"]
[Black "Zuzana Cibickova"]
[WhiteElo "1966"]
[BlackElo "2291"]
[Source "Chess-Results"]
[PlyCount "106"]

1. e4 e5 2. Nf3 Nc6 3. Bb5 a6 4. Ba4 Nf6 5. O-O Be7 6. Re1 b5
7. Bb3 d6 8. c3 O-O 9. h3 Nb8 10. d4 Nbd7 11. Nbd2 Bb7 12. Bc2
Re8 13. a4 Bf8 14. b3 g6 15. Bd3 c6 16. Bb2 Nh5 17. Qc2 Rc8
18. Bf1 Bg7 19. c4 b4 20. c5 exd4 21. cxd6 Ne5 22. Nxe5 Bxe5
23. Nc4 Bxd6 24. Bxd4 Bf8 25. Rad1 Qc7 26. Bb6 Qb8 27. e5 c5
28. Nd6 Bxd6 29. Rxd6 Ng7 30. a5 Nf5 31. Rd7 Bc6 32. Rdd1 Rxe5
33. Bxa6 Rce8 34. Rxe5 Qxe5 35. Qxc5 Qxc5 36. Bxc5 Ra8 37. Bc4
Rxa5 38. Bxb4 Ra8 39. Bc5 Nh4 40. Bd5 Bxd5 41. Rxd5 Rb8 42. b4
Nf5 43. Kf1 h5 44. Ke2 Ng7 45. Kd3 Ne6 46. Kc4 Nf4 47. Rg5 f6
48. Rg3 Kf7 49. b5 Rc8 50. b6 Ne6 51. b7 Rb8 52. Rb3 Nd8
53. Bb6 Ke7 0-1

[Event "FIDE Online Olympiad"]
[Site "Chess.com"]
[Date "2020.08.22"]
[EventDate "2020.08.21"]
[Round "4"]
[Result "0-1"]
[White "Theo Bressy"]
[Black "Samir Sahidi"]
[WhiteElo "2180"]
[BlackElo "2380"]
[Source "Chess-Results"]
[PlyCount "54"]

1. e4 c5 2. a3 Nc6 3. b4 cxb4 4. axb4 Nxb4 5. c3 Nc6 6. d4 d5
7. exd5 Qxd5 8. Na3 Bf5 9. Nb5 Rc8 10. Bf4 Qe4+ 11. Ne2 e5
12. dxe5 Nxe5 13. Bxe5 Qxe5 14. Nxa7 Rxc3 15. f4 Qe3 16. Qa4+
Bd7 17. Nb5 Rc8 18. Qd4 Qxd4 19. Nexd4 Bb4+ 20. Kf2 Nf6
21. Ra7 Bc5 22. Rxb7 O-O 23. Kf3 Rfd8 24. h3 Be8 25. Kg3 Bxd4
26. Nxd4 Rxd4 27. Rb3 Nh5+ 0-1

[Event "FIDE Online Olympiad"]
[Site "Chess.com"]
[Date "2020.08.22"]
[EventDate "2020.08.21"]
[Round "4"]
[Result "0-1"]
[White "Gunay Mammadzada"]
[Black "Iulija Osmak"]
[WhiteElo "2280"]
[BlackElo "2356"]
[Source "Chess-Results"]
[PlyCount "100"]

1. e4 e5 2. Nf3 Nc6 3. Bb5 a6 4. Ba4 b5 5. Bb3 Na5 6. O-O d6
7. d4 exd4 8. Nxd4 Bb7 9. Bd2 Nxb3 10. axb3 Nf6 11. Re1 Be7
12. Nf5 O-O 13. Qf3 Ne8 14. Nc3 Bf6 15. Rad1 Be5 16. Qg4 Bc8
17. f4 Bd4+ 18. Kh1 Kh8 19. Qf3 Bxf5 20. exf5 Nf6 21. Ne2 Bb6
22. Bc3 Re8 23. Nd4 Rxe1+ 24. Rxe1 Qf8 25. Ra1 b4 26. g4 bxc3
27. bxc3 Qe8 28. g5 Bxd4 29. cxd4 Qe4 30. Qg2 Qxg2+ 31. Kxg2
Nd5 32. Kf3 Kg8 33. c4 Nb4 34. Re1 Kf8 35. Rd1 f6 36. h4 Ke7
37. h5 h6 38. gxh6 gxh6 39. Rg1 Kf7 40. Rg6 Rh8 41. Rg2 Nc6
42. Ke4 Re8+ 43. Kd3 Ne7 44. Ra2 Ra8 45. Ra5 Nc6 46. Ra1 a5
47. d5 Ne7 48. Ke4 Re8 49. Ra2 Nc6+ 50. Kf3 Nd4+ 0-1

[Event "FIDE Online Olympiad"]
[Site "Chess.com"]
[Date "2020.08.22"]
[EventDate "2020.08.21"]
[Round "4"]
[Result "0-1"]
[White "Vugar Asadli"]
[Black "Kirill Shevchenko"]
[WhiteElo "2309"]
[BlackElo "2425"]
[Source "Chess-Results"]
[PlyCount "94"]

1. e4 c5 2. Nf3 d6 3. Nc3 Nc6 4. g3 e5 5. Bg2 Nge7 6. Nd5 Nxd5
7. exd5 Nd4 8. Nxd4 exd4 9. O-O Be7 10. c3 O-O 11. cxd4 cxd4
12. b3 Bf5 13. Bb2 Bf6 14. d3 Qd7 15. Rc1 Rfe8 16. Rc4 h5
17. a4 Bg4 18. f3 Bf5 19. Bxd4 b5 20. axb5 Bxd4+ 21. Rxd4 Qxb5
22. Kh1 Re3 23. Qd2 Rae8 24. h4 Qc5 25. Ra4 Re2 26. Qd1 Qxd5
27. Re4 Re3 28. Qc1 Qxd3 29. Rd1 Bxe4 30. Rxd3 Bxd3 31. Qd2
Re1+ 32. Kh2 Bf1 33. Bxf1 Rxf1 34. g4 Rxf3 35. gxh5 Re6
36. Qd5 Rc3 37. Qb5 Rc5 38. Qd3 Rxh5 39. Kg3 a5 40. Qa6 Rg6+
41. Kh3 Re5 42. Qc8+ Kh7 43. Qc2 f5 44. h5 Re3+ 45. Kh2 Rg5
46. Qd1 Re4 47. Kh3 Reg4 0-1

[Event "FIDE Online Olympiad"]
[Site "Chess.com"]
[Date "2020.08.22"]
[EventDate "2020.08.21"]
[Round "4"]
[Result "0-1"]
[White "Roberto N de Abreu"]
[Black "Imre Balog"]
[WhiteElo "2066"]
[BlackElo "2626"]
[Source "Chess-Results"]
[PlyCount "78"]

1. d4 d5 2. c4 c6 3. Nf3 Nf6 4. Nc3 a6 5. g3 dxc4 6. Bg2 g6
7. a4 Bg7 8. O-O O-O 9. Ne5 Be6 10. a5 Nbd7 11. Nxd7 Qxd7
12. Na4 Rad8 13. e3 Bh3 14. Nc5 Qc8 15. Bxh3 Qxh3 16. Qe2 e5
17. Nxb7 Rd5 18. e4 Rxd4 19. f3 Bh6 20. Nc5 Rfd8 21. Qg2 Qxg2+
22. Kxg2 Bxc1 23. Raxc1 Rb8 24. Nxa6 Rxb2+ 25. Rf2 Rb5 26. Ra2
Ne8 27. h4 c5 28. Kh3 Rd6 29. Nxc5 Rxc5 30. a6 Rd8 31. a7 Ra8
32. Rb1 Rcc8 33. Rc1 Rc7 34. h5 Kg7 35. hxg6 hxg6 36. Ra5
Raxa7 37. Rxa7 Rxa7 38. Rxc4 Ra3 39. Kg4 Nf6+ 0-1

[Event "FIDE Online Olympiad"]
[Site "Chess.com"]
[Date "2020.08.22"]
[EventDate "2020.08.21"]
[Round "4"]
[Result "0-1"]
[White "Charlize van Zyl"]
[Black "Anita Gara"]
[WhiteElo "1686"]
[BlackElo "2279"]
[Source "Chess-Results"]
[PlyCount "80"]

1. d4 Nf6 2. Bf4 g6 3. Nc3 d5 4. e3 Bg7 5. h4 h5 6. Nf3 O-O
7. Ne5 c5 8. Be2 Nc6 9. dxc5 Qa5 10. Qd2 Qxc5 11. O-O Nxe5
12. Bxe5 Rd8 13. Rfd1 Bf5 14. Bd4 Qd6 15. f4 a6 16. a4 Rac8
17. Bd3 Bg4 18. Be2 Bxe2 19. Qxe2 e6 20. a5 Ng4 21. g3 Bxd4
22. exd4 Qb4 23. Na4 Qxa5 24. Nc5 Qb6 25. c3 a5 26. Ra3 Qc7
27. Rda1 b6 28. Nd3 Nf6 29. Nf2 Ne8 30. Rb3 Nd6 31. Qe5 Nc4
32. Qxc7 Rxc7 33. Nd3 f6 34. Rb5 Rc6 35. Kf2 Kf7 36. Ke2 Nd6
37. Rb3 Ne4 38. Ke1 Nxg3 39. Nf2 Nf5 40. Nd3 Nxh4 0-1

[Event "FIDE Online Olympiad"]
[Site "Chess.com"]
[Date "2020.08.22"]
[EventDate "2020.08.21"]
[Round "4"]
[Result "0-1"]
[White "Nina Marais"]
[Black "Dorina Demeter"]
[WhiteElo "1685"]
[BlackElo "1885"]
[Source "Chess-Results"]
[PlyCount "56"]

1. d4 Nf6 2. c4 e6 3. Nc3 Bb4 4. e3 O-O 5. Ne2 c5 6. a3 Ba5
7. d5 b5 8. cxb5 Nxd5 9. Bd2 a6 10. bxa6 Bxa6 11. Nxd5 exd5
12. Rc1 d6 13. Bxa5 Qxa5+ 14. Nc3 d4 15. exd4 Re8+ 16. Kd2
cxd4 17. Qf3 Nd7 18. Bxa6 dxc3+ 19. Rxc3 Qxa6 20. Rhc1 Nc5
21. Rc4 Ne6 22. Qg3 Qa5+ 23. Rb4 Nc5 24. Kd1 Ne4 25. Qf4 Qd5+
26. Kc2 Rac8+ 27. Kb1 Nd2+ 28. Ka1 Rxc1# 0-1

[Event "FIDE Online Olympiad"]
[Site "Chess.com"]
[Date "2020.08.22"]
[EventDate "2020.08.21"]
[Round "5"]
[Result "0-1"]
[White "Kenneth T Solomon"]
[Black "Jorden van Foreest"]
[WhiteElo "2442"]
[BlackElo "2543"]
[Source "Chess-Results"]
[PlyCount "74"]

1. d4 f5 2. g3 Nf6 3. Bg2 e6 4. c4 Be7 5. Nc3 d5 6. Nf3 O-O
7. O-O c6 8. Qc2 Ne4 9. Rb1 Bd7 10. b4 Be8 11. Ne5 Nd7 12. Nd3
Rc8 13. Nc5 Ndxc5 14. bxc5 b6 15. cxb6 axb6 16. Nxe4 fxe4
17. Qb3 b5 18. cxb5 cxb5 19. f3 exf3 20. Bxf3 Qb6 21. Bb2 b4
22. Qe3 Bg6 23. Rbc1 Ra8 24. Bxd5 exd5 25. Qxe7 Rfe8 26. Qd7
Qe6 27. Qxe6+ Rxe6 28. Rf2 Rxa2 29. Rc8+ Re8 30. Rxe8+ Bxe8
31. e4 dxe4 32. d5 e3 33. Re2 Bb5 34. Rc2 b3 35. Rc8+ Kf7
36. Rc7+ Ke8 37. Bd4 b2 0-1

[Event "FIDE Online Olympiad"]
[Site "Chess.com"]
[Date "2020.08.22"]
[EventDate "2020.08.21"]
[Round "5"]
[Result "0-1"]
[White "Rebecca Selkirk"]
[Black "Zhaoqin Peng"]
[WhiteElo "1799"]
[BlackElo "2358"]
[Source "Chess-Results"]
[PlyCount "80"]

1. e4 d6 2. d4 Nf6 3. Nc3 e5 4. dxe5 dxe5 5. Qxd8+ Kxd8 6. Nf3
Bd6 7. Bg5 Be6 8. O-O-O Nd7 9. h3 a6 10. g3 Ke8 11. Bg2 h6
12. Be3 Rc8 13. Nh4 Bc5 14. Bxc5 Nxc5 15. f4 g5 16. Nf5 gxf4
17. gxf4 Rg8 18. fxe5 Nfd7 19. Rhg1 Nxe5 20. Nd5 Bxd5 21. Rxd5
Ncd7 22. Nxh6 Rg6 23. Nf5 f6 24. Rdd1 Kf7 25. b3 Rcg8 26. Ne3
Rg3 27. Rde1 c6 28. Kd1 Nf3 29. Bxf3 Rxg1 30. Rxg1 Rxg1+
31. Ke2 Ne5 32. Bg4 Ra1 33. a4 b5 34. axb5 cxb5 35. Bf5 a5
36. Ng4 Nxg4 37. Bxg4 a4 38. bxa4 bxa4 39. Kd3 a3 40. Kc3 Rb1
0-1

[Event "FIDE Online Olympiad"]
[Site "Chess.com"]
[Date "2020.08.22"]
[EventDate "2020.08.21"]
[Round "5"]
[Result "0-1"]
[White "Banele Mhango"]
[Black "Max Warmerdam"]
[WhiteElo "2035"]
[BlackElo "2412"]
[Source "Chess-Results"]
[PlyCount "56"]

1. d4 d5 2. c4 e6 3. Nf3 a6 4. cxd5 exd5 5. Nc3 c6 6. Qc2 Nf6
7. Bg5 Be6 8. e3 h6 9. Bh4 Bd6 10. Bd3 Nbd7 11. O-O O-O
12. Bg3 Qc7 13. Nh4 Rfe8 14. Nf5 Bxf5 15. Bxf5 Bxg3 16. hxg3
Nb6 17. Rac1 Nc4 18. Bd3 Nd6 19. a4 Qd7 20. b4 b5 21. Ne2 Nc4
22. Bf5 Qd6 23. Qc3 a5 24. bxa5 b4 25. Qc2 Reb8 26. Bd3 b3
27. Qc3 b2 28. Rcd1 Qb4 0-1

[Event "FIDE Online Olympiad"]
[Site "Chess.com"]
[Date "2020.08.22"]
[EventDate "2020.08.21"]
[Round "5"]
[Result "0-1"]
[White "Iulija Osmak"]
[Black "Hoang Thanh Trang"]
[WhiteElo "2356"]
[BlackElo "2338"]
[Source "Chess-Results"]
[PlyCount "64"]

1. d4 f5 2. g3 Nf6 3. Bg2 g6 4. c4 Bg7 5. Nf3 O-O 6. O-O d6
7. Nc3 c6 8. d5 e5 9. dxe6 Bxe6 10. b3 Na6 11. Bb2 Qe7 12. Ng5
Bd7 13. Qc2 Rad8 14. Rad1 h6 15. Nf3 Be6 16. Nd4 Bf7 17. e4
fxe4 18. Nxe4 Nxe4 19. Bxe4 c5 20. Bxg6 cxd4 21. Bh7+ Kh8
22. Rxd4 Nb4 23. Qb1 Nc6 24. Re4 Qg5 25. f4 Qc5+ 26. Kh1 Bxb2
27. Qxb2+ Kxh7 28. f5 Rde8 29. Rh4 Qe3 30. Rg4 Ne5 31. Rh4 Rg8
32. Rff4 Rg4 0-1

[Event "FIDE Online Olympiad"]
[Site "Chess.com"]
[Date "2020.08.22"]
[EventDate "2020.08.21"]
[Round "5"]
[Result "0-1"]
[White "Viktor Gazik"]
[Black "Shakhriyar Mamedyarov"]
[WhiteElo "2438"]
[BlackElo "2761"]
[Source "Chess-Results"]
[PlyCount "50"]

1. e4 e5 2. Nf3 Nf6 3. d4 Nxe4 4. Bd3 d5 5. Nxe5 Nd7 6. Nxd7
Bxd7 7. O-O Qh4 8. c4 O-O-O 9. c5 g5 10. Nc3 Bg7 11. Be3 f5
12. Nxd5 Rhe8 13. f3 f4 14. Bxe4 fxe3 15. Nxe3 g4 16. c6 Bxc6
17. Nf5 Qg5 18. f4 Bxd4+ 19. Nxd4 Qc5 20. Bxc6 bxc6 21. Qxg4+
Kb7 22. Rf2 Rxd4 23. Rd1 Rd2 24. Qf3 Re3 25. Rdxd2 Re1# 0-1

[Event "FIDE Online Olympiad"]
[Site "Chess.com"]
[Date "2020.08.22"]
[EventDate "2020.08.21"]
[Round "5"]
[Result "0-1"]
[White "Julia Movsesian"]
[Black "Gunay Mammadzada"]
[WhiteElo "2271"]
[BlackElo "2280"]
[Source "Chess-Results"]
[PlyCount "96"]

1. e4 c5 2. Nf3 d6 3. d4 cxd4 4. Nxd4 Nf6 5. Nc3 a6 6. Be2 e5
7. Nb3 Be7 8. O-O O-O 9. Re1 Be6 10. Bf3 Qc7 11. a4 Rc8
12. Nd2 Nbd7 13. Nf1 h6 14. Be3 Nb6 15. Ng3 Rd8 16. Nf5 Bf8
17. b3 d5 18. a5 Nc8 19. Nxd5 Nxd5 20. Nxh6+ gxh6 21. exd5 Bf5
22. c4 Kh7 23. Qd2 Re8 24. g4 Bg6 25. h4 h5 26. gxh5 Bf5
27. Rad1 Be7 28. Kh1 Bc5 29. Bg5 Qd6 30. Rg1 Ne7 31. Qe2 f6
32. Bc1 Rg8 33. Qd2 Rxg1+ 34. Rxg1 Ng8 35. Qe2 Rf8 36. Rg6
Bxg6 37. hxg6+ Kg7 38. h5 f5 39. Bg5 f4 40. Be4 Qd7 41. Qf3
Nh6 42. Bc2 Be7 43. Bxh6+ Kxh6 44. g7 Rg8 45. d6 Bf6 46. Bg6
Rxg7 47. Qd5 Qh3+ 48. Kg1 f3 0-1

[Event "FIDE Online Olympiad"]
[Site "Chess.com"]
[Date "2020.08.22"]
[EventDate "2020.08.21"]
[Round "5"]
[Result "0-1"]
[White "Samir Sahidi"]
[Black "Aydin Suleymanli"]
[WhiteElo "2380"]
[BlackElo "2202"]
[Source "Chess-Results"]
[PlyCount "84"]

1. d4 d5 2. Nf3 Nf6 3. Bf4 e6 4. e3 Bd6 5. Nbd2 c5 6. c3 Nc6
7. Bd3 cxd4 8. cxd4 Bxf4 9. exf4 Qb6 10. Nb3 a5 11. a4 Qb4+
12. Ke2 Nh5 13. g3 e5 14. fxe5 Bg4 15. h3 Nxg3+ 16. fxg3 Bxf3+
17. Kxf3 Qxb3 18. Ke3 Qb6 19. Bb5 O-O 20. Bxc6 bxc6 21. Qc2 f6
22. e6 Rfe8 23. Rhe1 Rxe6+ 24. Kf3 Rae8 25. Qc3 Re4 26. Rxe4
Rxe4 27. Rd1 h5 28. Rd2 Qc7 29. Re2 h4 30. Rxe4 Qxg3+ 31. Ke2
Qxc3 32. bxc3 dxe4 33. Ke3 f5 34. c4 Kf7 35. Kf4 Ke6 36. Ke3
g5 37. Kf2 f4 38. Ke2 g4 39. hxg4 h3 40. Kf2 e3+ 41. Kf3 h2
42. Kg2 e2 0-1

[Event "FIDE Online Olympiad"]
[Site "Chess.com"]
[Date "2020.08.22"]
[EventDate "2020.08.21"]
[Round "5"]
[Result "0-1"]
[White "Timothe Razafindratsima"]
[Black "Anuar Ismagambetov"]
[WhiteElo "2199"]
[BlackElo "2484"]
[Source "Chess-Results"]
[PlyCount "70"]

1. e4 e5 2. Nf3 Nc6 3. Bb5 Nf6 4. d3 d6 5. c3 Bd7 6. Nbd2 g6
7. Nf1 Bg7 8. Bg5 h6 9. Bh4 O-O 10. Ne3 Qe8 11. Bxc6 bxc6
12. O-O Nh5 13. Ne1 f5 14. exf5 gxf5 15. d4 f4 16. Nc4 e4
17. a4 d5 18. Nd2 Qg6 19. f3 Rae8 20. fxe4 dxe4 21. Nc4 Be6
22. b3 f3 23. Ne3 Nf4 24. Kh1 Qh5 25. Bg3 Ne2 26. Bxc7 Nxc3
27. Qd2 Nd5 28. Nxd5 Bxd5 29. Nc2 e3 30. Nxe3 Rxe3 31. Qxe3
fxg2+ 32. Kg1 gxf1=Q+ 33. Rxf1 Qg4+ 34. Bg3 Bxd4 35. Rxf8+
Kxf8 0-1

[Event "FIDE Online Olympiad"]
[Site "Chess.com"]
[Date "2020.08.22"]
[EventDate "2020.08.21"]
[Round "5"]
[Result "0-1"]
[White "Solenn Afraoui"]
[Black "Guliskhan Nakhbayeva"]
[WhiteElo "1823"]
[BlackElo "2270"]
[Source "Chess-Results"]
[PlyCount "72"]

1. e4 e6 2. d4 d5 3. Nc3 Nf6 4. Bg5 Be7 5. e5 Nfd7 6. Bxe7
Qxe7 7. f4 O-O 8. Nf3 c5 9. dxc5 Nc6 10. Bd3 f6 11. O-O fxe5
12. fxe5 Ndxe5 13. Nxe5 Qxc5+ 14. Kh1 Rxf1+ 15. Qxf1 Nxe5
16. Qf4 Nxd3 17. cxd3 Bd7 18. Rf1 Rf8 19. Qxf8+ Qxf8 20. Rxf8+
Kxf8 21. Kg1 d4 22. Ne4 Bb5 23. Nc5 Ke7 24. Nxb7 Bxd3 25. Kf2
e5 26. Nc5 Bb1 27. a3 Kd6 28. b4 e4 29. Ke2 Kd5 30. g3 Ba2
31. Kd2 e3+ 32. Ke2 Bc4+ 33. Ke1 d3 34. a4 Kd4 35. Nb7 d2+
36. Kd1 Bb3+ 0-1

[Event "FIDE Online Olympiad"]
[Site "Chess.com"]
[Date "2020.08.22"]
[EventDate "2020.08.21"]
[Round "5"]
[Result "0-1"]
[White "Florence Rollot"]
[Black "Meruert Kamalidenova"]
[WhiteElo "1944"]
[BlackElo "1875"]
[Source "Chess-Results"]
[PlyCount "114"]

1. Nf3 Nf6 2. c4 g6 3. Nc3 Bg7 4. g3 O-O 5. Bg2 c6 6. O-O d5
7. cxd5 cxd5 8. d4 Ne4 9. Qb3 Nc6 10. Rd1 Nxc3 11. bxc3 Na5
12. Qb4 b6 13. Bg5 Re8 14. Rac1 Ba6 15. Re1 h6 16. Bf4 Rc8
17. Ne5 g5 18. Be3 f6 19. Nd3 e6 20. Qa4 Qd6 21. Nb4 Bc4
22. Qc2 Qe7 23. f4 Bf8 24. f5 Nc6 25. Nxc6 Rxc6 26. Bf2 Kg7
27. e4 dxe4 28. Bxe4 Rd6 29. Bf3 Qd7 30. Bh5 Re7 31. fxe6
Rdxe6 32. Qg6+ Kh8 33. Rxe6 Qxe6 34. Re1 Qd6 35. Bg4 Rxe1+
36. Bxe1 Qe7 37. Bd2 Bf7 38. Qf5 Kg7 39. h4 Bxa2 40. hxg5 hxg5
41. Bd1 Qe6 42. Qd3 Bc4 43. Qf3 Bd5 44. Qh5 Qe4 45. Qh3 Be6
46. Qf1 Bd6 47. Bf3 Qf5 48. Be1 Bd5 49. Kg2 Qc2+ 50. Kg1 Be4
51. Be2 Bg6 52. Qf3 Qe4 53. Qf1 Qe3+ 54. Kg2 Be4+ 55. Bf3
Bxf3+ 56. Qxf3 Qxe1 57. Qb7+ Qe7 0-1

[Event "FIDE Online Olympiad"]
[Site "Chess.com"]
[Date "2020.08.22"]
[EventDate "2020.08.21"]
[Round "5"]
[Result "0-1"]
[White "Kjetil A Lie"]
[Black "Alexey Shirov"]
[WhiteElo "2467"]
[BlackElo "2629"]
[Source "Chess-Results"]
[PlyCount "78"]

1. c4 c6 2. Nc3 d5 3. e3 Nf6 4. Nf3 e6 5. b3 Bd6 6. Bb2 O-O
7. Qc2 e5 8. cxd5 cxd5 9. Nb5 Nc6 10. Nxd6 Qxd6 11. d4 Nb4
12. Qd1 e4 13. Ne5 Ne8 14. h3 f6 15. Ng4 h5 16. Nh2 f5 17. a3
f4 18. Bc1 Nc6 19. exf4 Nc7 20. Be3 Qf6 21. Rc1 Ne6 22. Qxh5
Nxf4 23. Qd1 Qg6 24. Ng4 Bd7 25. g3 Nd3+ 26. Bxd3 exd3 27. O-O
Rae8 28. Rc3 Bf5 29. b4 Re4 30. Kg2 Nxd4 31. Rxd3 Nf3 32. Rxd5
Rxg4 33. Rxf5 Qxf5 34. hxg4 Qe4 35. Qb1 Ne1+ 36. Kh3 Qg2+
37. Kh4 Nf3+ 38. Kh5 Qh3+ 39. Kg6 Rf6# 0-1

[Event "FIDE Online Olympiad"]
[Site "Chess.com"]
[Date "2020.08.22"]
[EventDate "2020.08.21"]
[Round "5"]
[Result "0-1"]
[White "Monika Machlik"]
[Black "Sabrina Vega Gutierrez"]
[WhiteElo "1992"]
[BlackElo "2243"]
[Source "Chess-Results"]
[PlyCount "78"]

1. d4 d5 2. c4 e6 3. Nf3 c6 4. e3 f5 5. Bd3 Nf6 6. O-O Bd6
7. b3 Qe7 8. Bb2 O-O 9. Qc1 b6 10. Ba3 c5 11. cxd5 Nxd5
12. dxc5 bxc5 13. Nbd2 Nd7 14. Bb5 Rb8 15. Bxd7 Bxd7 16. Nc4
Nb4 17. Nxd6 Qxd6 18. Rd1 Qe7 19. Ne5 Bb5 20. Bb2 Rfd8 21. h3
Rxd1+ 22. Qxd1 Rd8 23. Qc1 a5 24. Qc3 a4 25. Ba3 Qd6 26. Bb2
Qd2 27. bxa4 Bxa4 28. Nc4 Qxc3 29. Bxc3 Rd3 30. Be5 Bb5
31. Nd6 Ba6 32. a3 Nc6 33. Bg3 f4 34. Bxf4 e5 35. Ne4 c4
36. Bg3 c3 37. Nc5 Rd5 38. Nxa6 c2 39. Kh2 Rd1 0-1

[Event "FIDE Online Olympiad"]
[Site "Chess.com"]
[Date "2020.08.22"]
[EventDate "2020.08.21"]
[Round "6"]
[Result "0-1"]
[White "Anaelle Afraoui"]
[Black "Ana Matnadze"]
[WhiteElo "1966"]
[BlackElo "2361"]
[Source "Chess-Results"]
[PlyCount "62"]

1. e4 e5 2. Nf3 Nc6 3. Bb5 g6 4. O-O Bg7 5. c3 Nge7 6. d4 d6
7. dxe5 dxe5 8. Qxd8+ Kxd8 9. Ng5 Ke8 10. Bc4 Nd8 11. f4 h6
12. Nf3 exf4 13. Bxf4 Be6 14. Be2 Rc8 15. Nd4 a6 16. Nd2 Nec6
17. Nxe6 Nxe6 18. Be3 Ke7 19. Nb3 Be5 20. Bc4 Bd6 21. Rf2 Ne5
22. Bxe6 fxe6 23. h3 g5 24. Raf1 c5 25. Bc1 Rh7 26. Nd2 c4
27. Nf3 Nd3 28. Re2 Bc5+ 29. Kh1 Rf7 30. Nd2 Rxf1+ 31. Nxf1
Nxc1 0-1

[Event "FIDE Online Olympiad"]
[Site "Chess.com"]
[Date "2020.08.22"]
[EventDate "2020.08.21"]
[Round "6"]
[Result "0-1"]
[White "Aydin Suleymanli"]
[Black "Denis Makhnev"]
[WhiteElo "2202"]
[BlackElo "2453"]
[Source "Chess-Results"]
[PlyCount "74"]

1. d4 d5 2. Nf3 Nf6 3. Bf4 c5 4. e3 e6 5. c3 Bd6 6. Bg3 Qc7
7. Nbd2 Nbd7 8. Bh4 b6 9. Bd3 Bb7 10. Qb1 h6 11. O-O Ng4
12. Bg3 Bxg3 13. hxg3 O-O 14. Qd1 e5 15. Bf5 Ngf6 16. Bxd7
Nxd7 17. Nxe5 Nxe5 18. dxe5 Qxe5 19. Qg4 Rfd8 20. Rad1 Rd6
21. Nf3 Qf6 22. Rd2 Rad8 23. Rfd1 g5 24. Nh2 Kg7 25. Qe2 Re6
26. Qf3 Qe7 27. Qe2 f5 28. c4 d4 29. Qf1 g4 30. exd4 cxd4
31. f3 h5 32. fxg4 fxg4 33. Qf5 Rf8 34. Qd3 Re1+ 35. Rxe1
Qxe1+ 36. Nf1 Rxf1+ 37. Qxf1 Qxd2 0-1

[Event "FIDE Online Olympiad"]
[Site "Chess.com"]
[Date "2020.08.22"]
[EventDate "2020.08.21"]
[Round "6"]
[Result "0-1"]
[White "Lubomir Ftacnik"]
[Black "Imre Balog"]
[WhiteElo "2499"]
[BlackElo "2626"]
[Source "Chess-Results"]
[PlyCount "142"]

1. Nf3 d5 2. d4 Nf6 3. c4 c6 4. Nc3 a6 5. e3 g6 6. b3 Bg7
7. Bd3 O-O 8. O-O c5 9. Bb2 cxd4 10. exd4 Nc6 11. Nxd5 Nxd5
12. cxd5 Nb4 13. Re1 Nxd5 14. Ne5 Be6 15. Qf3 Nb4 16. Be4 Bd5
17. Ba3 Bxe4 18. Qxe4 Nd5 19. Rac1 Re8 20. Qf3 Bxe5 21. dxe5
e6 22. Bd6 Rc8 23. Qd1 Qg5 24. g3 Nc3 25. f4 Nxd1 26. Rxc8
Rxc8 27. fxg5 Nc3 28. a4 Nd5 29. b4 Rc4 30. a5 Kg7 31. Rb1 h6
32. gxh6+ Kxh6 33. b5 Ra4 34. bxa6 bxa6 35. Rb7 Kg7 36. h4
Rxa5 37. Ra7 Ra2 38. Bc5 a5 39. Bd6 a4 40. Kh1 Nc3 41. g4 Nb5
42. Ra5 Nd4 43. Kg1 Nf3+ 44. Kf1 Nh2+ 45. Ke1 Nxg4 46. Ra7 Nh2
47. Kd1 Nf3 48. Kc1 Re2 49. Rxa4 Re1+ 50. Kc2 Nxe5 51. Bb4
Re2+ 52. Kd1 Re3 53. Bc5 Rd3+ 54. Ke2 Rd5 55. Bd4 Kh6 56. Bc3
Kh5 57. Rf4 f5 58. Ra4 Nf7 59. Ra7 Ne5 60. Ra6 Nd3 61. Bd2 Nc5
62. Rc6 Ne4 63. Be1 e5 64. Re6 Rb5 65. Ke3 Rb3+ 66. Ke2 Ng3+
67. Kf2 e4 68. Bd2 Rb2 69. Kxg3 Rxd2 70. Re8 Rd3+ 71. Kf4 Rf3+
0-1